[Event "FB1 2122 Hamburger SK - SC Bad Königsh"]
[Site "?"]
[Date "2022.05.27"]
[Round "4.3"]
[White "Melamed, Tatjana"]
[Black "Gaal, Zsoka"]
[Result "1/2-1/2"]
[WhiteElo "2353"]
[BlackElo "2323"]
[PlyCount "91"]
[EventDate "2022.??.??"]

1. e4 c6 2. d4 d5 3. Nd2 dxe4 4. Nxe4 Nf6 5. Nxf6+ exf6 6. c3 Bd6 7. Bd3 O-O 8.
Qc2 Re8+ 9. Ne2 h5 10. Be3 Nd7 11. O-O-O b5 12. d5 c5 13. Ng3 c4 14. Bh7+ Kh8
15. Nxh5 Ne5 16. Bf5 Qa5 17. Bxc8 Raxc8 18. Qf5 Qxa2 19. Nxf6 gxf6 20. Qxf6+
Kg8 21. Bh6 Nd3+ 22. Rxd3 Qa1+ 23. Kc2 Re2+ 24. Rd2 Rxd2+ 25. Bxd2 Qxh1 26.
Qxd6 Qxg2 27. Qd7 Qe4+ 28. Kc1 Re8 29. f3 Qe5 30. d6 Qe6 31. Qxb5 f6 32. Qh5
Qf7 33. Qg4+ Kh8 34. Qh4+ Kg7 35. Qg4+ Kh8 36. Qd4 Rd8 37. Be3 a6 38. Qh4+ Kg7
39. Qf4 Qd7 40. Qxc4 Qxd6 41. Qg4+ Kf7 42. Qh5+ Ke6 43. Qh3+ Kf7 44. Qh7+ Ke6
45. Qh3+ Kf7 46. Qh7+ 1/2-1/2

[Event "FB1 2122 Hamburger SK - SC Bad Königsh"]
[Site "?"]
[Date "2022.05.27"]
[Round "4.4"]
[White "Roebers, Eline"]
[Black "Savina, Anastasia"]
[Result "0-1"]
[WhiteElo "2369"]
[BlackElo "2348"]
[PlyCount "96"]
[EventDate "2022.??.??"]

1. e4 c5 2. Nf3 Nc6 3. d4 cxd4 4. Nxd4 e5 5. Nb5 d6 6. N1c3 a6 7. Na3 b5 8. Nd5
Nge7 9. Bg5 h6 10. Bxb5 hxg5 11. Nxe7 axb5 12. Nxc6 Qd7 13. Nb4 Ra4 14. c3 d5
15. Qxd5 Qxd5 16. exd5 Bxb4 17. cxb4 Rxb4 18. O-O-O Kd7 19. h3 Kd6 20. f3 Bf5
21. b3 Rc8+ 22. Kb2 Rc5 23. Rd2 Rd4 24. Rhd1 Rcxd5 25. Rxd4 exd4 26. Nc2 Bxc2
27. Kxc2 b4 28. Kb2 d3 29. Kc1 f5 30. Kd2 Ke5 31. g3 Ra5 32. Ke3 f4+ 33. gxf4+
gxf4+ 34. Kxd3 Rd5+ 35. Ke2 Rxd1 36. Kxd1 Kd4 37. Kc2 g6 38. h4 Ke3 39. a4 bxa3
40. b4 Kxf3 41. b5 Kg2 42. b6 f3 43. b7 f2 44. b8=Q f1=Q 45. Qe8 Qc4+ 46. Kd2
Qd4+ 47. Kc2 a2 48. Qxg6+ Kh2 0-1

[Event "FB1 2122 Hamburger SK - SC Bad Königsh"]
[Site "?"]
[Date "2022.05.27"]
[Round "4.5"]
[White "Obolentseva, Alexandra"]
[Black "Papp, Sarah"]
[Result "1-0"]
[WhiteElo "2305"]
[BlackElo "2305"]
[PlyCount "103"]
[EventDate "2022.??.??"]

1. d4 Nf6 2. c4 e6 3. g3 d5 4. Bg2 Bb4+ 5. Bd2 Be7 6. Nf3 O-O 7. O-O Nbd7 8.
Qc2 c6 9. Rd1 Ne4 10. Be1 a5 11. Nfd2 f5 12. Nxe4 fxe4 13. f3 Qe8 14. fxe4 Qg6
15. Nd2 Nf6 16. Qd3 Qh6 17. e5 Ng4 18. h3 Ne3 19. Rdc1 Bd7 20. Bf2 Rxf2 21.
Kxf2 Rf8+ 22. Nf3 Nxc4 23. b3 Nd2 24. Kg1 Ne4 25. Nh2 Nf2 26. Ng4 Nxg4 27. hxg4
Bg5 28. Rc3 Bd2 29. Rf1 Bxc3 30. Rxf8+ Kxf8 31. Qxc3 b6 32. Kf2 Qg6 33. Bf3 Qb1
34. Qd2 Be8 35. Qf4+ Bf7 36. Qg5 Qxa2 37. Qd8+ Be8 38. Qxb6 Qa3 39. Qc7 Qb4 40.
Qa7 h6 41. Kg2 Kg8 42. Qa8 Kf8 43. g5 hxg5 44. Bh5 Qe7 45. Kh3 Qd7 46. Kg4 Ke7
47. Bxe8 Qxe8 48. Qxe8+ Kxe8 49. Kxg5 Kf7 50. g4 Kf8 51. Kg6 Kg8 52. g5 1-0

[Event "FB1 2122 Hamburger SK - SC Bad Königsh"]
[Site "?"]
[Date "2022.05.27"]
[Round "4.6"]
[White "Genova, Lyubka"]
[Black "Schoene, Maria"]
[Result "1/2-1/2"]
[WhiteElo "2225"]
[BlackElo "2222"]
[PlyCount "96"]
[EventDate "2022.??.??"]

1. e4 c5 2. b3 Nc6 3. Bb2 d6 4. Bb5 Bd7 5. f4 Nf6 6. Bxc6 Bxc6 7. d3 e6 8. Nf3
Be7 9. O-O O-O 10. Nbd2 b5 11. Qe2 a5 12. c4 a4 13. Rab1 axb3 14. axb3 Ra2 15.
e5 Nd7 16. Ne4 Bxe4 17. Qxe4 Qa8 18. exd6 Bxd6 19. Qe3 Re8 20. Ng5 h6 21. Ne4
Be7 22. Qg3 Rxb2 23. Rxb2 f5 24. Nd2 Bf6 25. Rbb1 b4 26. Nf3 Bc3 27. Kh1 Nf6
28. Ne5 Qb8 29. Ng6 Qd6 30. h3 Ra8 31. Qf3 Ra7 32. Qe2 Kh7 33. Ne5 g6 34. g4
Nd7 35. Nxd7 Rxd7 36. Rbd1 Re7 37. Qf3 Ra7 38. Rf2 Rf7 39. g5 hxg5 40. fxg5 Ra7
41. h4 Kg8 42. Kg2 Qd8 43. Kf1 Qa8 44. Qxa8+ Rxa8 45. Kg2 Kf7 46. Rh1 Ra3 47.
Rb1 Ra8 48. Rh1 Ra3 1/2-1/2

[Event "FB1 2122 SG 1871 Löberitz - Rodewische"]
[Site "?"]
[Date "2022.05.27"]
[Round "4.1"]
[White "Sliwicka, Alicja"]
[Black "Rogule, Laura"]
[Result "1/2-1/2"]
[WhiteElo "2273"]
[BlackElo "2297"]
[PlyCount "76"]
[EventDate "2022.??.??"]

1. e4 c5 2. Nf3 e6 3. d4 cxd4 4. Nxd4 Nf6 5. Nc3 d6 6. g3 Be7 7. Bg2 O-O 8. O-O
Nc6 9. Re1 Nxd4 10. Qxd4 e5 11. Qd3 h6 12. Be3 a6 13. a4 b6 14. Na2 Bb7 15. c4
a5 16. Nc3 Bc6 17. Red1 Qc7 18. b3 Qb7 19. Ra2 Ne8 20. f4 Nc7 21. Nd5 Bxd5 22.
exd5 exf4 23. Bxf4 Rfe8 24. Rf2 Na6 25. Qf3 Bf8 26. Rdf1 Nc5 27. Bh3 Qe7 28.
Bf5 Qf6 29. Bc2 g5 30. Qg4 Bg7 31. Bc1 Qd4 32. Qf5 Ra7 33. Bb1 Re2 34. Kg2 Rae7
35. Qc8+ Bf8 36. Qf5 Bg7 37. Qc8+ Bf8 38. Qf5 Bg7 1/2-1/2

[Event "FB1 2122 SG 1871 Löberitz - Rodewische"]
[Site "?"]
[Date "2022.05.27"]
[Round "4.2"]
[White "Berzina, Ilze"]
[Black "Lubbe, Melanie"]
[Result "0-1"]
[WhiteElo "2180"]
[BlackElo "2308"]
[PlyCount "80"]
[EventDate "2022.??.??"]

1. e4 c5 2. Nf3 d6 3. Bb5+ Bd7 4. Bxd7+ Qxd7 5. c4 Nf6 6. Nc3 Nc6 7. d4 cxd4 8.
Nxd4 g6 9. b3 Bg7 10. Bb2 O-O 11. O-O h5 12. h3 Kh7 13. Re1 Nxd4 14. Qxd4 Ng4
15. Qd2 Ne5 16. Nd5 e6 17. Nc3 Rfd8 18. Rad1 Qe7 19. Nb5 a6 20. Nxd6 b6 21. Ba3
Nc6 22. Qf4 Rd7 23. e5 Qd8 24. Rd3 Qc7 25. Rf3 Kg8 26. g4 h4 27. c5 bxc5 28.
Bxc5 Rad8 29. Kg2 a5 30. a3 Rb8 31. Nc4 Rb5 32. Bd6 Qb7 33. Ree3 Rd5 34. Re4
Rd1 35. Nb2 Rb1 36. Na4 Qb5 37. Rc4 Nxe5 38. Nc3 Rxd6 39. Rc8+ Kh7 40. g5 Qf1+
0-1

[Event "FB1 2122 SG 1871 Löberitz - Rodewische"]
[Site "?"]
[Date "2022.05.27"]
[Round "4.3"]
[White "Movsesian, Julia"]
[Black "Otikova, Elina"]
[Result "1/2-1/2"]
[WhiteElo "2313"]
[BlackElo "2090"]
[PlyCount "82"]
[EventDate "2022.??.??"]

1. Nf3 d5 2. g3 c6 3. Bg2 Bg4 4. c4 Nd7 5. O-O dxc4 6. Na3 e5 7. Nxc4 Qc7 8. d4
Bxf3 9. Bxf3 Ngf6 10. dxe5 Nxe5 11. Nxe5 Qxe5 12. Bf4 Qe6 13. Rc1 Be7 14. Qa4
O-O 15. Rc3 Nd5 16. Bxd5 Qxd5 17. Rd1 Qf5 18. Qb3 Bf6 19. Rf3 Qb5 20. Qxb5 cxb5
21. Rb3 Rfe8 22. Rxb5 Rxe2 23. Rxb7 Rxb2 24. Rdd7 Rxb7 25. Rxb7 Bd4 26. Be3
Bxe3 27. fxe3 g6 28. Kf2 a5 29. a4 h5 30. Kf3 Kg7 31. Rb6 f6 32. Rb7+ Kh6 33.
h4 Ra6 34. Rb5 Kg7 35. Kf4 Kf7 36. e4 Ke6 37. g4 hxg4 38. Kxg4 Ra8 39. h5 gxh5+
40. Rxh5 Rg8+ 41. Kf4 Rg5 1/2-1/2

[Event "FB1 2122 SG 1871 Löberitz - Rodewische"]
[Site "?"]
[Date "2022.05.27"]
[Round "4.4"]
[White "Naumann, Nadine"]
[Black "Theissl Pokorna, Regina"]
[Result "0-1"]
[WhiteElo "1951"]
[BlackElo "2302"]
[PlyCount "128"]
[EventDate "2022.??.??"]

1. e4 e5 2. Nf3 Nc6 3. Bb5 Nge7 4. O-O g6 5. d4 exd4 6. Bxc6 Nxc6 7. Nxd4 Bg7
8. Nxc6 bxc6 9. c3 O-O 10. Re1 d6 11. Nd2 c5 12. Qc2 Re8 13. Nf3 Bb7 14. Ng5
Qd7 15. Bd2 Qc6 16. f3 Bc8 17. Qb3 c4 18. Qc2 h6 19. Nh3 Bxh3 20. gxh3 Re5 21.
Be3 Rh5 22. Qf2 Rxh3 23. Bxa7 Be5 24. f4 Bxf4 25. Qxf4 Rxa7 26. Rf1 Qd7 27. Rf2
Qe6 28. Raf1 c6 29. a3 Re7 30. Rd2 d5 31. exd5 cxd5 32. Rdf2 Rh5 33. Rg2 Kh7
34. Qd2 Re5 35. Kh1 Re3 36. Qf2 Qe4 37. Qg1 f5 38. Qf2 Re5 39. Kg1 d4 40. cxd4
Qxd4 41. Rg3 Rxg3+ 42. hxg3 Re3 43. Kh2 Qe4 44. Qg2 Qxg2+ 45. Kxg2 Rb3 46. Rf2
Kg7 47. Rd2 Kf6 48. a4 Rb4 49. a5 Ra4 50. Rd6+ Kg5 51. Rc6 Ra2 52. Kh3 Rxb2 53.
Rxc4 Ra2 54. Rc5 h5 55. Rb5 Ra3 56. Kg2 h4 57. gxh4+ Kxh4 58. Rb6 g5 59. a6 f4
60. Rf6 Kg4 61. Kf2 Ra2+ 62. Kf1 Kf3 63. Ke1 g4 64. Kd1 g3 0-1

[Event "FB1 2122 SG 1871 Löberitz - Rodewische"]
[Site "?"]
[Date "2022.05.27"]
[Round "4.5"]
[White "Miturova, Magdalena"]
[Black "Giebel, Christine"]
[Result "1-0"]
[WhiteElo "2217"]
[BlackElo "1833"]
[PlyCount "53"]
[EventDate "2022.??.??"]

1. e4 e6 2. d4 d5 3. Nc3 Nf6 4. e5 Nfd7 5. f4 c5 6. Nf3 Qb6 7. Na4 Qa5+ 8. c3
c4 9. b4 cxb3 10. axb3 Nc6 11. Bd2 Qd8 12. Bd3 Be7 13. O-O f6 14. Ng5 Nf8 15.
exf6 Bxf6 16. Ra2 Qc7 17. f5 exf5 18. Bf4 Qa5 19. Re1+ Ne7 20. b4 Qd8 21. Nc5
Bxg5 22. Bxg5 Nfg6 23. Rae2 Kf7 24. Rxe7+ Nxe7 25. Qh5+ g6 26. Qh4 h6 27. Bxe7
1-0

[Event "FB1 2122 SG 1871 Löberitz - Rodewische"]
[Site "?"]
[Date "2022.05.27"]
[Round "4.6"]
[White "Schuster, Rebekka"]
[Black "Kubikova, Alena"]
[Result "0-1"]
[WhiteElo "1830"]
[BlackElo "2093"]
[PlyCount "56"]
[EventDate "2022.??.??"]

1. e4 g6 2. d4 Bg7 3. Nc3 d6 4. Be3 c6 5. a4 Nf6 6. h3 O-O 7. Nf3 b6 8. b4 Bb7
9. Bd3 c5 10. bxc5 bxc5 11. Rb1 Qc8 12. dxc5 Nfd7 13. Nd5 Bxd5 14. exd5 Nxc5
15. Bb5 a6 16. Be2 Nxa4 17. Qd3 Nc3 18. Rb3 Nd7 19. Bd4 Bxd4 20. Qxd4 Nxe2 21.
Kxe2 Qxc2+ 22. Nd2 Rfc8 23. Rhb1 Ne5 24. R1b2 Qc5 25. Qe4 f5 26. Qh4 Qxd5 27.
Qxe7 Re8 28. Qb7 Nd3+ 0-1

[Event "FB1 2122 OSG Baden-Baden - SK Lehrte"]
[Site "?"]
[Date "2022.05.27"]
[Round "4.1"]
[White "Sieber, Fiona"]
[Black "Abdumalik, Zhansaya"]
[Result "0-1"]
[WhiteElo "2264"]
[BlackElo "2489"]
[PlyCount "48"]
[EventDate "2022.??.??"]

1. e4 c5 2. Nf3 a6 3. c4 e6 4. Nc3 Qc7 5. Be2 b6 6. O-O Bb7 7. a3 Nf6 8. e5 Ng4
9. d4 Nc6 10. d5 Ncxe5 11. Nxe5 Nxe5 12. f4 Ng6 13. dxe6 dxe6 14. f5 Ne5 15.
fxe6 fxe6 16. Bh5+ g6 17. Bg4 Qc6 18. Bf3 Nxf3+ 19. Rxf3 Bg7 20. Bg5 Bd4+ 21.
Kh1 h6 22. Qc2 Qxf3 23. Nd5 Bxd5 24. cxd5 Qf5 0-1

[Event "FB1 2122 OSG Baden-Baden - SK Lehrte"]
[Site "?"]
[Date "2022.05.27"]
[Round "4.2"]
[White "Paehtz, Elisabeth"]
[Black "Newrkla, Katharina"]
[Result "1/2-1/2"]
[WhiteElo "2497"]
[BlackElo "2232"]
[PlyCount "95"]
[EventDate "2022.??.??"]

1. e4 c5 2. Nf3 d6 3. d4 cxd4 4. Nxd4 Nf6 5. Nc3 a6 6. Bg5 e6 7. f4 Be7 8. Qf3
Qc7 9. O-O-O Nbd7 10. g4 h6 11. Bxf6 Bxf6 12. h4 Nb6 13. g5 Bxd4 14. Rxd4 Qc5
15. Rd2 Bd7 16. Be2 O-O-O 17. Rhd1 Bc6 18. Rd4 a5 19. a3 a4 20. Kb1 hxg5 21.
hxg5 Kb8 22. Na2 Rc8 23. Nb4 d5 24. exd5 Bxd5 25. Qe3 Bg2 26. g6 fxg6 27. Bg4
Nd5 28. Qe5+ Ka7 29. Bxe6 Nxb4 30. Qxc5+ Rxc5 31. axb4 Rc6 32. Bd7 Rf6 33. Bxa4
Rh4 34. Rg1 Bf3 35. c3 Rhxf4 36. Rxf4 Rxf4 37. Bc2 Rg4 38. Rxg4 Bxg4 39. Bxg6
Kb6 40. Kc2 Kc7 41. Kd3 Kd6 42. c4 Bd7 43. c5+ Kc7 44. Kd4 Ba4 45. Ke5 Bb3 46.
Be4 Bf7 47. b5 b6 48. b4 1/2-1/2

[Event "FB1 2122 OSG Baden-Baden - SK Lehrte"]
[Site "?"]
[Date "2022.05.27"]
[Round "4.3"]
[White "Manusina, Nicole"]
[Black "Zatonskih, Anna"]
[Result "0-1"]
[WhiteElo "2003"]
[BlackElo "2386"]
[PlyCount "84"]
[EventDate "2022.??.??"]

1. d4 Nf6 2. c4 e6 3. Nc3 Bb4 4. e3 O-O 5. Nge2 c6 6. a3 Ba5 7. b4 Bc7 8. e4 d6
9. Ng3 a5 10. b5 e5 11. dxe5 dxe5 12. Be3 Qe7 13. h3 Be6 14. Be2 Nbd7 15. O-O
Bd6 16. bxc6 bxc6 17. Qa4 Rfc8 18. Rfb1 Bc5 19. Nd1 Bd4 20. Ra2 Nc5 21. Qc2 a4
22. Kh2 Rcb8 23. Rxb8+ Rxb8 24. Nc3 Qa7 25. Nd1 Rb3 26. Bf3 Nfd7 27. Ne2 Nb7
28. Nc1 Ndc5 29. Ne2 Nd3 30. Nc1 Nxc1 31. Qxc1 Qb6 32. Rc2 Qc5 33. Bxd4 exd4
34. Qf4 Nd6 35. e5 Nxc4 36. g3 h6 37. Bxc6 Qxc6 38. Qxd4 Qd5 39. Qa1 Rxa3 40.
Qc1 Rd3 41. Nc3 Qf3 42. Nxa4 Rd1 0-1

[Event "FB1 2122 OSG Baden-Baden - SK Lehrte"]
[Site "?"]
[Date "2022.05.27"]
[Round "4.4"]
[White "Salimova, Nurgyul"]
[Black "Yaghy, Ritta."]
[Result "1-0"]
[WhiteElo "2418"]
[BlackElo "2010"]
[PlyCount "95"]
[EventDate "2022.??.??"]

1. c4 e6 2. g3 d5 3. Bg2 Nf6 4. Nf3 c5 5. d4 Nc6 6. O-O dxc4 7. dxc5 Qa5 8. Na3
Be7 9. Nxc4 Qxc5 10. b3 O-O 11. Ba3 Qh5 12. Bxe7 Nxe7 13. Nfe5 Ng4 14. Nxg4
Qxg4 15. Bf3 Qg6 16. Rc1 Nc6 17. Qd6 Qf6 18. Bxc6 bxc6 19. Qxc6 Rb8 20. Na5 h6
21. Qc7 Ba6 22. Rfe1 Rbc8 23. Qf4 Qxf4 24. gxf4 Rxc1 25. Rxc1 Bxe2 26. Rc7 a6
27. Nc6 Bf3 28. Ne5 Bd5 29. h4 Be4 30. f3 Bb1 31. a3 f6 32. Nd7 Rd8 33. Nc5 Bf5
34. Kf2 Rd2+ 35. Kg3 h5 36. b4 Ra2 37. a4 Rb2 38. Rb7 Rc2 39. a5 Rb2 40. b5
axb5 41. a6 Ra2 42. Rxb5 Kh7 43. Rb7 Kg6 44. a7 Kh6 45. Rc7 Kg6 46. Nd7 Bd3 47.
Nb6 Bf1 48. Rc1 1-0

[Event "FB1 2122 OSG Baden-Baden - SK Lehrte"]
[Site "?"]
[Date "2022.05.27"]
[Round "4.5"]
[White "Braje, Monika"]
[Black "Heinemann, Josefine"]
[Result "0-1"]
[WhiteElo "1773"]
[BlackElo "2300"]
[PlyCount "58"]
[EventDate "2022.??.??"]

1. e4 c5 2. d4 cxd4 3. c3 Nf6 4. e5 Nd5 5. Nf3 d6 6. exd6 e6 7. Nxd4 Bxd6 8.
Be2 O-O 9. O-O Bd7 10. Nd2 Nc6 11. N2f3 Rc8 12. Bg5 f6 13. Bh4 Nce7 14. Qb3 Qb6
15. Rfe1 Qxb3 16. Nxb3 Rfd8 17. Rad1 Be8 18. c4 Nf4 19. Bf1 e5 20. c5 Bc7 21.
Bc4+ Bf7 22. Bxf7+ Kxf7 23. Kf1 Nd3 24. Re2 Nxc5 25. Rxd8 Bxd8 26. Nxc5 Rxc5
27. Rd2 Ba5 28. Rd1 Rc2 29. Rb1 Nf5 0-1

[Event "FB1 2122 OSG Baden-Baden - SK Lehrte"]
[Site "?"]
[Date "2022.05.27"]
[Round "4.6"]
[White "Tammert, Iamze"]
[Black "Grabowski, Petra"]
[Result "1-0"]
[WhiteElo "2302"]
[BlackElo "1635"]
[PlyCount "73"]
[EventDate "2022.??.??"]

1. c4 c5 2. Nc3 Nc6 3. g3 Nf6 4. Bg2 e5 5. d3 d6 6. e3 g6 7. Nge2 Bg7 8. O-O
O-O 9. Nd5 Ne7 10. Nxf6+ Bxf6 11. d4 Nf5 12. dxc5 dxc5 13. Nc3 Rb8 14. Qa4 a6
15. Rd1 Qe8 16. Qa3 Be6 17. Qxc5 Rc8 18. Qb6 Rxc4 19. Qxb7 Bc8 20. Qd5 Be6 21.
Qa5 Qc8 22. Ne4 Bd8 23. Qe1 Rc2 24. b3 Bb6 25. Bd2 Ne7 26. Bb4 Qc7 27. Bd6 Qa7
28. Bxe5 f5 29. Ng5 Bc8 30. Rdc1 Rxc1 31. Qxc1 Bb7 32. Qc4+ Bd5 33. Bxd5+ Nxd5
34. Qxd5+ Rf7 35. Rc1 Qd7 36. Rc8+ Bd8 37. Rxd8+ 1-0

[Event "FB1 2122 Schachfreunde Deizisau - SV He"]
[Site "?"]
[Date "2022.05.27"]
[Round "4.1"]
[White "Cosma, Elena-Luminita"]
[Black "Klek, Hanna Marie"]
[Result "1/2-1/2"]
[WhiteElo "2277"]
[BlackElo "2362"]
[PlyCount "82"]
[EventDate "2022.??.??"]

1. d4 d5 2. Nf3 Nf6 3. g3 e6 4. Bg2 Be7 5. O-O O-O 6. c4 c6 7. Qc2 b6 8. Nfd2
Ba6 9. Rd1 Nbd7 10. e4 dxc4 11. Nxc4 Rc8 12. Bf4 Bxc4 13. Qxc4 b5 14. Qe2 Qb6
15. a4 a6 16. Be3 Qb8 17. axb5 axb5 18. Nd2 c5 19. dxc5 Bxc5 20. Bxc5 Rxc5 21.
Nb3 Rc4 22. Na5 Rcc8 23. Rd4 Ne5 24. Rad1 Qb6 25. b4 Rc1 26. Qb2 Rxd1+ 27. Rxd1
Qc7 28. h3 h6 29. Qd4 Rc8 30. Nb3 Nc4 31. Nc5 e5 32. Qa1 Rd8 33. Bf1 Rxd1 34.
Qxd1 Qa7 35. Bxc4 bxc4 36. Qc1 Qa2 37. b5 c3 38. Qxc3 Qb1+ 39. Kg2 Qxb5 40.
Qxe5 Nxe4 41. Qxe4 Qxc5 1/2-1/2

[Event "FB1 2122 Schachfreunde Deizisau - SV He"]
[Site "?"]
[Date "2022.05.27"]
[Round "4.2"]
[White "Gaponenko, Inna"]
[Black "Voicu-Jagodzinsky, Carmen"]
[Result "1-0"]
[WhiteElo "2332"]
[BlackElo "2291"]
[PlyCount "137"]
[EventDate "2022.??.??"]

1. e4 e6 2. d4 d5 3. Nc3 Nf6 4. e5 Nfd7 5. f4 c5 6. Nf3 Nc6 7. Be3 a6 8. Qd2 b5
9. Bd3 b4 10. Na4 c4 11. Be2 c3 12. Qc1 cxb2 13. Qxb2 Be7 14. O-O O-O 15. c3 a5
16. c4 Nb6 17. Nxb6 Qxb6 18. f5 f6 19. Bf2 a4 20. Rab1 Kh8 21. exf6 Bxf6 22.
cxd5 exd5 23. g4 b3 24. Ne5 Na5 25. Qa3 Qd8 26. Qxa4 Bb7 27. axb3 Qd6 28. b4
Nc6 29. Qb5 Nxd4 30. Bxd4 Bxe5 31. Bxe5 Qxe5 32. Qd3 Ra2 33. Rf2 Re8 34. Re1 d4
35. Bf1 Qxe1 36. Rxa2 Qxb4 37. Qb5 Qxb5 38. Bxb5 Re4 39. h3 h5 40. Ra7 Bd5 41.
Rd7 Re5 42. Kf2 hxg4 43. hxg4 g6 44. f6 Be6 45. Rb7 Rc5 46. Bd3 Bxg4 47. Bxg6
Kg8 48. Rg7+ Kf8 49. Rf7+ Kg8 50. Rg7+ Kf8 51. Rh7 Rf5+ 52. Bxf5 Bxf5 53. Ra7
d3 54. Ke3 Bg6 55. Rg7 Bf5 56. Rg5 Be6 57. Rg7 Bf5 58. Re7 Bg6 59. Ra7 Bf5 60.
Rb7 Bg6 61. Kf4 Ke8 62. Re7+ Kf8 63. Rd7 Ke8 64. Rd4 Kf7 65. Kg5 d2 66. Rd7+
Ke6 67. Rxd2 Bb1 68. Rb2 Bd3 69. Rb7 1-0

[Event "FB1 2122 Schachfreunde Deizisau - SV He"]
[Site "?"]
[Date "2022.05.27"]
[Round "4.3"]
[White "Ciolacu, Alessia-Mihaela"]
[Black "Schleining, Zoya"]
[Result "1/2-1/2"]
[WhiteElo "2198"]
[BlackElo "2329"]
[PlyCount "85"]
[EventDate "2022.??.??"]

1. d4 d6 2. Nf3 f5 3. g3 Nf6 4. Bg2 g6 5. b3 Bg7 6. Bb2 O-O 7. O-O c6 8. c4 a5
9. Nc3 Na6 10. Qc2 Rb8 11. a3 b5 12. Nd2 d5 13. cxb5 cxb5 14. Nf3 Be6 15. Ne5
Qb6 16. Rfc1 Rfc8 17. Qd1 Ne4 18. e3 Qd6 19. Nd3 Bd7 20. f3 Nxc3 21. Bxc3 b4
22. axb4 axb4 23. Be1 Bb5 24. Rc2 Qe6 25. Kf2 Bxd3 26. Rxc8+ Qxc8 27. Qxd3 Rb6
28. Ra4 Qb7 29. Qd2 e6 30. Bf1 Bf8 31. Bd3 Nc7 32. Qe2 Qc6 33. Ra2 Nb5 34. Bxb5
Qxb5 35. Qxb5 Rxb5 36. Ke2 Rb7 37. Kd3 Kf7 38. Bd2 Bd6 39. Ra8 h5 40. f4 Be7
41. h4 Bd6 42. Ra6 Be7 43. Ra8 1/2-1/2

[Event "FB1 2122 Schachfreunde Deizisau - SV He"]
[Site "?"]
[Date "2022.05.27"]
[Round "4.4"]
[White "Rapport, Jovana"]
[Black "Ionica, Iulia-Ionela"]
[Result "1-0"]
[WhiteElo "2294"]
[BlackElo "2186"]
[PlyCount "95"]
[EventDate "2022.??.??"]

1. e4 d6 2. d4 Nf6 3. Nc3 c6 4. Nf3 Qa5 5. Nd2 e5 6. Nc4 Qc7 7. d5 Be7 8. Ne3
O-O 9. a4 Re8 10. Bc4 Bf8 11. O-O Nbd7 12. a5 Nc5 13. Qf3 Rb8 14. b4 Na6 15.
Rb1 cxd5 16. Ncxd5 Nxd5 17. Bxd5 Be6 18. c4 Qd8 19. Bd2 Nc7 20. Rfc1 b6 21.
axb6 axb6 22. b5 Qe7 23. Bc6 Rec8 24. Ra1 g6 25. Nd5 Bxd5 26. cxd5 Ne8 27. Be3
Ng7 28. Ra6 Qd8 29. g4 Be7 30. Ra7 f6 31. Rd7 Qf8 32. Ra1 Rd8 33. Rda7 f5 34.
R1a6 fxe4 35. Qxf8+ Kxf8 36. Bxb6 Rxb6 37. Rxb6 e3 38. fxe3 Bg5 39. Kf2 h5 40.
Rbb7 Ne8 41. gxh5 gxh5 42. Rf7+ Kg8 43. Bxe8 Bh4+ 44. Ke2 Rxe8 45. Rg7+ Kh8 46.
Rh7+ Kg8 47. Rag7+ Kf8 48. Rh8+ 1-0

[Event "FB1 2122 Schachfreunde Deizisau - SV He"]
[Site "?"]
[Date "2022.05.27"]
[Round "4.5"]
[White "Moeller, Lisa-Marie"]
[Black "Koepke, Elena"]
[Result "0-1"]
[WhiteElo "1927"]
[BlackElo "2285"]
[PlyCount "78"]
[EventDate "2022.??.??"]

1. e4 d6 2. d4 g6 3. Nc3 Bg7 4. Be3 a6 5. Nf3 b5 6. a3 Bb7 7. Bd3 Nd7 8. Qd2 c5
9. O-O Qc7 10. Rfe1 h6 11. Rad1 cxd4 12. Bxd4 Ngf6 13. e5 dxe5 14. Nxe5 Nxe5
15. Bxe5 Qc6 16. f3 O-O 17. Bxf6 Qxf6 18. Be4 Qb6+ 19. Qe3 Qxe3+ 20. Rxe3 Bxe4
21. fxe4 Rfc8 22. e5 e6 23. Re2 Rc5 24. Rde1 Rac8 25. Kf2 h5 26. Re4 Rc4 27.
Rxc4 Rxc4 28. Re4 Rc5 29. a4 Bxe5 30. axb5 Bxc3 31. bxc3 axb5 32. Re3 Kg7 33.
Ke2 Kf6 34. Kd3 Rd5+ 35. Ke2 Re5 36. Kd2 Rxe3 37. Kxe3 Ke5 38. Kd3 Kd5 39. g3
e5 0-1

[Event "FB1 2122 Schachfreunde Deizisau - SV He"]
[Site "?"]
[Date "2022.05.27"]
[Round "4.6"]
[White "Jelica, Mara"]
[Black "Dartmann Aubanell, Catriona"]
[Result "1-0"]
[WhiteElo "2121"]
[BlackElo "1874"]
[PlyCount "61"]
[EventDate "2022.??.??"]

1. c4 c6 2. e4 d5 3. exd5 cxd5 4. cxd5 Nf6 5. Bb5+ Bd7 6. Bc4 g6 7. Nc3 Bg7 8.
Nf3 O-O 9. O-O Qb6 10. d3 Na6 11. Qe2 Rfe8 12. Ne5 Rad8 13. Bg5 Bf5 14. Be3 Qd6
15. Bxa7 Nc7 16. d4 Nfxd5 17. Bc5 Qf6 18. Rad1 Qg5 19. f4 Qh4 20. g3 Qf6 21.
Qf3 e6 22. g4 g5 23. gxf5 gxf4 24. fxe6 fxe6 25. Bxd5 Nxd5 26. Nxd5 exd5 27.
Qxf4 Qa6 28. Qf7+ Kh8 29. Be7 Rg8 30. Kh1 Qe2 31. Qf3 1-0

[Event "FB1 2122 Hamburger SK - OSG Baden-Baden"]
[Site "Hamburg"]
[Date "2022.03.19"]
[Round "5.1"]
[White "Muzychuk, Mariya"]
[Black "Socko, Monika"]
[Result "1/2-1/2"]
[WhiteElo "2544"]
[BlackElo "2393"]
[PlyCount "81"]
[EventDate "2021.11.27"]
[EventType "team-tourn"]
[EventRounds "11"]
[EventCountry "GER"]

1. e4 e6 2. d4 d5 3. Nc3 Bb4 4. e5 Ne7 5. a3 Bxc3+ 6. bxc3 b6 7. Qg4 Ng6 8. h4
h5 9. Qg3 Ba6 10. Bxa6 Nxa6 11. Ne2 Qd7 12. Bg5 Qa4 13. O-O Qxc2 14. Qe3 Qe4
15. Qd2 Ne7 16. Nf4 Nb8 17. Rfe1 Qf5 18. Bxe7 Kxe7 19. c4 dxc4 20. d5 Na6 21.
d6+ Kf8 22. Rac1 cxd6 23. exd6 Kg8 24. Rxc4 Kh7 25. Qd4 Nc5 26. Re5 Qb1+ 27.
Kh2 Rad8 28. Rxh5+ Kg8 29. Qe5 Rxh5 30. Nxh5 Qg6 31. Rd4 Nd7 32. Qe2 Nf6 33.
Nxf6+ Qxf6 34. Qd2 e5 35. Rd5 Qxh4+ 36. Kg1 Qe4 37. d7 Qb1+ 38. Kh2 Qh7+ 39.
Kg1 Qb1+ 40. Kh2 Qh7+ 41. Kg1 1/2-1/2

[Event "FB1 2122 Hamburger SK - OSG Baden-Baden"]
[Site "Hamburg"]
[Date "2022.03.19"]
[Round "5.2"]
[White "Roebers, Eline"]
[Black "Muzychuk, Anna"]
[Result "1/2-1/2"]
[WhiteElo "2331"]
[BlackElo "2531"]
[PlyCount "139"]
[EventDate "2021.11.27"]
[EventType "team-tourn"]
[EventRounds "11"]
[EventCountry "GER"]

1. e4 e5 2. Nf3 Nc6 3. Bc4 Nf6 4. Ng5 d5 5. exd5 Na5 6. Bb5+ c6 7. dxc6 bxc6 8.
Bd3 Nd5 9. Nf3 Bd6 10. O-O Nf4 11. Re1 Nxd3 12. cxd3 O-O 13. b3 c5 14. Bb2 f6
15. Na3 Nc6 16. Nc2 Ba6 17. Re3 Ne7 18. Nce1 Nd5 19. Re4 Qd7 20. Ba3 Rac8 21.
Rc1 Kh8 22. h4 Rfd8 23. h5 Nf4 24. g3 Nxd3 25. Nxd3 Bxd3 26. Rh4 Be7 27. Bb2
Qf5 28. Ne1 Bb5 29. Bc3 Qe6 30. Ng2 f5 31. Rh2 Bf6 32. Qe1 Rd6 33. Qe3 Kg8 34.
f4 e4 35. Bxf6 Qxf6 36. Qc3 Qxc3 37. Rxc3 Rxd2 38. Ne3 Rxh2 39. Kxh2 g6 40. h6
Kf7 41. Kh3 a6 42. b4 c4 43. a4 Bxa4 44. Rxc4 Rxc4 45. Nxc4 Kf6 46. Kh4 Bb3 47.
Ne3 Be6 48. Ng2 Bf7 49. Ne3 g5+ 50. fxg5+ Ke5 51. Ng2 Kd4 52. g4 fxg4 53. Nf4
e3 54. Kxg4 Ke4 55. Kg3 Kf5 56. Ng2 e2 57. Kf2 Bh5 58. Ne3+ Kxg5 59. Nd5 Kxh6
60. Nc7 Kg5 61. Nxa6 Bf3 62. Nc5 h5 63. Ne6+ Kg4 64. Nd4 Be4 65. Nxe2 h4 66.
Kg1 Bd3 67. Kf2 h3 68. Ng1 h2 69. Kg2 hxg1=R+ 70. Kxg1 1/2-1/2

[Event "FB1 2122 Hamburger SK - OSG Baden-Baden"]
[Site "Hamburg"]
[Date "2022.03.19"]
[Round "5.3"]
[White "Abdumalik, Zhansaya"]
[Black "Papp, Sarah"]
[Result "1-0"]
[WhiteElo "2493"]
[BlackElo "2300"]
[PlyCount "77"]
[EventDate "2021.11.27"]
[EventType "team-tourn"]
[EventRounds "11"]
[EventCountry "GER"]

1. e4 e6 2. d4 d5 3. Nc3 Nf6 4. e5 Nfd7 5. f4 c5 6. Nf3 Nc6 7. Be3 Be7 8. Qd2
a6 9. dxc5 Nxc5 10. a3 O-O 11. O-O-O b5 12. f5 exf5 13. Nxd5 Ne4 14. Qe1 Bd7
15. g4 fxg4 16. Bb6 Qc8 17. Nd4 Bg5+ 18. Kb1 Nxd4 19. Bxd4 Rd8 20. Nb6 Qb7 21.
Rg1 Bf5 22. Nxa8 Qxa8 23. Bg2 Qc6 24. Qe2 Qc4 25. Qxc4 bxc4 26. Be3 Nc3+ 27.
bxc3 Rb8+ 28. Ka2 Bxe3 29. Rb1 Rf8 30. Rgf1 Bxc2 31. Rb7 Rd8 32. Bd5 Bb3+ 33.
Ka1 h5 34. Bxf7+ Kh7 35. e6 Bd2 36. e7 Bxc3+ 37. Kb1 Rd2 38. Bg6+ Kh6 39. e8=Q
1-0